Welcome to CU Library Online Public Access Catalogue (OPAC)

Dictionary of Psychology / (Record no. 589)

MARC details
000 -LEADER
fixed length control field 00613nam a22002057a 4500
003 - CONTROL NUMBER IDENTIFIER
control field OSt
005 - DATE AND TIME OF LATEST TRANSACTION
control field 20241104161943.0
008 - FIXED-LENGTH DATA ELEMENTS--GENERAL INFORMATION
fixed length control field 241104b |||||||| |||| 00| 0 eng d
020 ## - INTERNATIONAL STANDARD BOOK NUMBER
International Standard Book Number 9798185185391
040 ## -
-- Central University Library
050 ## - LIBRARY OF CONGRESS CALL NUMBER
Classification number BF31
100 ## - MAIN ENTRY--PERSONAL NAME
Personal name Ramalingam, P.
245 ## - TITLE STATEMENT
Title Dictionary of Psychology /
Statement of responsibility, etc. Dr. P. Ramalingam
250 ## - EDITION STATEMENT
Edition statement 1st Ed.
260 ## - PUBLICATION, DISTRIBUTION, ETC.
Place of publication, distribution, etc. New Delhi
-- India
Name of publisher, distributor, etc. Academic (India) Publishers
Date of publication, distribution, etc. c2006
300 ## - PHYSICAL DESCRIPTION
Extent x, 339 pages
Dimensions 22cm
500 ## - GENERAL NOTE
General note Educational Printing and Publishing Academic's Dictionary of Psychology
650 ## - SUBJECT ADDED ENTRY--TOPICAL TERM
Source of heading or term Psychology
942 ## - ADDED ENTRY ELEMENTS (KOHA)
Source of classification or shelving scheme Library of Congress Classification
Koha item type Books
Edition 1st
Suppress in OPAC No
999 ## -
-- 589
-- 589
Holdings
Withdrawn status Lost status Source of classification or shelving scheme Damaged status Not for loan Home library Current library Shelving location Date acquired Total checkouts Full call number Barcode Date last seen Copy number Price effective from Koha item type
    Library of Congress Classification     Business Library (Miotso) Business Library (Miotso) Reference 11/04/2024   REF BF31 RAM bssm00000111 11/04/2024 1 11/04/2024 Books
    Library of Congress Classification     Business Library (Miotso) Business Library (Miotso) Reference 11/04/2024   REF BF31 RAM bssm00000112 11/04/2024 2 11/04/2024 Books
    Library of Congress Classification     Business Library (Miotso) Business Library (Miotso) Reference 11/04/2024   REF BF31 RAM bssm00000113 11/04/2024 3 11/04/2024 Books
© 2023-2024 Copyright: Central University Libraries. All Rights Reserved | Created by: Mahone Tech Office